[Event "Xtracon Grand Master 2015"]
[Site "Koge"]
[Date "2015.10.14"]
[Round "3"]
[White "Petersen, Peter Birk"]
[Black "Molvig, Julius"]
[Result "1/2-1/2"]
[WhiteElo "2179"]
[BlackElo "1879"]
[PlyCount "129"]
[EventDate "2015.??.??"]

1. e4 c5 2. Nf3 e6 3. d4 cxd4 4. Nxd4 a6 5. Bd3 Nf6 6. O-O Qc7 7. Nc3 Nc6 8.
Be3 Bb4 9. Kh1 Bxc3 10. bxc3 d5 11. exd5 Nxd5 12. Bd2 Ne5 13. Qh5 Nc4 14. Bxc4
Qxc4 15. Qg4 Rg8 16. Rfe1 Ne7 17. Qg3 Bd7 18. Rab1 Bc6 19. Rb4 Qd5 20. Be3 Rc8
21. c4 Qa5 22. Rbb1 Qxa2 23. Rb3 Qa4 24. Qh4 Qxc4 25. Qxh7 Qd5 26. Nf3 Qf5 27.
Qxf5 Nxf5 28. Bb6 Bd5 29. Rb2 Rc3 30. Ne5 Nd6 31. Ba5 Rc8 32. c3 f6 33. Bb4 Nc4
34. Nxc4 Rxc4 35. Rd2 Kf7 36. f3 Rh8 37. Ra1 Rhc8 38. Kg1 g5 39. h3 f5 40. Kf2
g4 41. hxg4 fxg4 42. Rh1 gxf3 43. gxf3 Rf4 44. Rh3 Rf5 45. Rd4 Rg8 46. Bd6 Bc6
47. f4 Ra5 48. Be5 Ra2+ 49. Ke3 Ra5 50. Rd6 Rd5 51. Rxd5 Bxd5 52. Kd4 Rc8 53.
Rg3 Rg8 54. Rxg8 Kxg8 55. Kc5 Bc6 56. Kb6 Kf7 57. Bd6 Bd5 58. Kc5 Kg6 59. c4
Bc6 60. Kb6 Kf5 61. c5 Ke4 62. Ka5 Kd5 63. Bf8 e5 64. fxe5 Kxe5 65. Be7 1/2-1/2

[Event "Xtracon Grand Master 2015"]
[Site "Koge"]
[Date "2015.10.14"]
[Round "3"]
[White "Chittka, Julius"]
[Black "Nielsen, Jens Holm"]
[Result "1-0"]
[WhiteElo "2053"]
[BlackElo "1827"]
[PlyCount "47"]
[EventDate "2015.??.??"]

1. d4 d5 2. c4 c6 3. Nc3 Nf6 4. Nf3 dxc4 5. a4 Bf5 6. Nh4 Bg6 7. Nxg6 hxg6 8.
e4 e6 9. Bxc4 Bb4 10. Qd3 Qa5 11. Bd2 Nbd7 12. e5 Nd5 13. O-O O-O 14. Rae1 Rfd8
15. Qh3 b5 16. axb5 N7b6 17. Ra1 Nxc4 18. Rxa5 Bxa5 19. Nxd5 Bxd2 20. Ne7+ Kf8
21. Nxc6 Bh6 22. Nxd8 Rxd8 23. Qd3 Nxe5 24. Qa3+ 1-0

[Event "Xtracon Grand Master 2015"]
[Site "Koge"]
[Date "2015.10.14"]
[Round "3"]
[White "Gottschalck, Christian"]
[Black "Andersen, Bjarne Hjorth"]
[Result "1/2-1/2"]
[WhiteElo "1817"]
[BlackElo "2037"]
[PlyCount "95"]
[EventDate "2015.??.??"]

1. e4 c6 2. d4 d5 3. exd5 cxd5 4. Bd3 Nc6 5. c3 Nf6 6. Bf4 g6 7. Nd2 Bg7 8.
Ngf3 O-O 9. O-O Nh5 10. Be3 f5 11. Nb3 Qd6 12. Re1 f4 13. Bd2 Bg4 14. Be2 Rae8
15. Ne5 Bxe2 16. Qxe2 e6 17. Nc1 Nxe5 18. dxe5 Qe7 19. Qg4 Rf5 20. Nd3 Ref8 21.
Qf3 Qc7 22. Re2 R8f7 23. Rae1 Bf8 24. Nc1 Ng7 25. Nb3 Bc5 26. Nxc5 Qxc5 27. Bc1
g5 28. Rd2 h5 29. h3 Qc7 30. Rde2 Qe7 31. b3 g4 32. hxg4 hxg4 33. Qxg4 Rg5 34.
Qf3 Nf5 35. Qxf4 Rg6 36. Qa4 Nh4 37. f4 Nf3+ 38. Kf2 Nxe1 39. Kxe1 Qh4+ 40. Kd1
Qd8 41. Qd4 b6 42. Be3 Qh4 43. Qd2 Qh1+ 44. Kc2 Qh7 45. Kb2 Qg7 46. Bd4 Qf8 47.
Rf2 Rg4 48. Be3 1/2-1/2

[Event "Xtracon Grand Master 2015"]
[Site "Koge"]
[Date "2015.10.14"]
[Round "3"]
[White "Nielsen, Morten Majlund"]
[Black "Nielsen, Kai Gylling"]
[Result "1-0"]
[WhiteElo "1980"]
[BlackElo "1755"]
[PlyCount "45"]
[EventDate "2015.??.??"]

1. e4 e5 2. Nf3 Nc6 3. Bb5 d6 4. O-O Nf6 5. Re1 Bd7 6. d4 Nxd4 7. Nxd4 Bxb5 8.
Nxb5 Qd7 9. N5c3 c6 10. Nd2 Be7 11. Nf3 h6 12. b3 g5 13. Qd3 O-O-O 14. Ba3 g4
15. Nd2 d5 16. Bxe7 Qxe7 17. exd5 Nxd5 18. Nxd5 Rxd5 19. Qf5+ Kb8 20. Nc4 f6
21. Ne3 Rd4 22. Nxg4 Rf4 23. Qxf4 1-0

[Event "Xtracon Grand Master 2015"]
[Site "Koge"]
[Date "2015.10.14"]
[Round "3"]
[White "Jensen, Tommy"]
[Black "Jacobsen, Heidrikur T"]
[Result "1/2-1/2"]
[WhiteElo "1849"]
[BlackElo "1963"]
[PlyCount "57"]
[EventDate "2015.??.??"]

1. Nf3 Nf6 2. d4 g6 3. Bf4 Bg7 4. e3 d6 5. Nc3 Nbd7 6. Bc4 O-O 7. Ng5 Nb6 8.
Bb3 e6 9. h4 h6 10. Nf3 Nh5 11. Qd2 Nxf4 12. exf4 a5 13. a3 c6 14. O-O-O Nd5
15. Ne4 a4 16. Ba2 f5 17. Bxd5 exd5 18. Ng3 h5 19. Ng5 Qf6 20. c3 Bd7 21. Rde1
Rae8 22. Rxe8 Rxe8 23. Re1 Rxe1+ 24. Qxe1 c5 25. Ne2 Qe7 26. Qd2 Bb5 27. dxc5
Qxe2 28. Qxd5+ Kh8 29. Nf7+ 1/2-1/2

[Event "Xtracon Grand Master 2015"]
[Site "Koge"]
[Date "2015.10.14"]
[Round "3"]
[White "Bue, Gunnar"]
[Black "Philipsen, William Horup"]
[Result "0-1"]
[WhiteElo "1640"]
[BlackElo "1955"]
[PlyCount "38"]
[EventDate "2015.??.??"]

1. d4 d5 2. c4 e5 3. dxe5 d4 4. Nf3 Nc6 5. g3 f6 6. exf6 Nxf6 7. Bg2 Be6 8.
Nbd2 Qd7 9. a3 O-O-O 10. b4 Bh3 11. O-O Bxg2 12. Kxg2 h5 13. b5 Ne7 14. Bb2 h4
15. Bxd4 hxg3 16. fxg3 Qh3+ 17. Kf2 Ng4+ 18. Ke1 Nxh2 19. Nxh2 Rxd4 0-1

[Event "Xtracon Grand Master 2015"]
[Site "Koge"]
[Date "2015.10.14"]
[Round "3"]
[White "Andersen, Daniel"]
[Black "Hein, Jacob"]
[Result "0-1"]
[WhiteElo "1869"]
[BlackElo "1415"]
[PlyCount "64"]
[EventDate "2015.??.??"]

1. d4 Nf6 2. c4 e6 3. Nc3 Bb4 4. e3 Nc6 5. Bd3 O-O 6. Nge2 b6 7. a3 Be7 8. e4
d6 9. f4 e5 10. d5 Nd4 11. Nxd4 exd4 12. Ne2 Bg4 13. O-O Qd7 14. Qc2 Bxe2 15.
Qxe2 Qg4 16. Qc2 Nd7 17. b4 f6 18. Bb2 Rac8 19. e5 f5 20. e6 Nb8 21. Bxd4 Bf6
22. Bxf6 Rxf6 23. Rae1 Kf8 24. Re3 h6 25. Be2 Qg6 26. Bf3 Ke7 27. Rc3 c5 28.
dxc6 Nxc6 29. Bd5 Rc7 30. c5 dxc5 31. bxc5 Nd4 32. cxb6 Rxc3 0-1

[Event "Xtracon Grand Master 2015"]
[Site "Koge"]
[Date "2015.10.14"]
[Round "3"]
[White "Stage Steffensen, Sander"]
[Black "Marthedal, Anton Mehmet Yildiz"]
[Result "0-1"]
[WhiteElo "1515"]
[BlackElo "1866"]
[PlyCount "92"]
[EventDate "2015.??.??"]

1. e4 c6 2. Bc4 d5 3. Bb3 dxe4 4. Qh5 g6 5. Qh4 Nf6 6. Nc3 Bf5 7. f3 exf3 8.
Nxf3 Bg7 9. d4 Nbd7 10. O-O O-O 11. Bh6 Nb6 12. Ng5 Bxh6 13. Qxh6 Qxd4+ 14. Kh1
a5 15. Rad1 Qg4 16. h3 Qh5 17. Qxh5 Nxh5 18. Bxf7+ Rxf7 19. Nxf7 Ng3+ 20. Kg1
Nxf1 21. Rxf1 Kxf7 22. g4 e6 23. Ne4 Ke7 24. gxf5 gxf5 25. Nc5 Nd7 26. Nd3 Rg8+
27. Kh2 Kf6 28. Rd1 e5 29. a3 Rd8 30. Nc5 Nxc5 31. Rxd8 e4 32. Kg3 e3 33. Kf3
f4 34. Rf8+ Ke5 35. h4 Ne6 36. Re8 Kf5 37. c3 b5 38. b4 axb4 39. axb4 c5 40.
bxc5 Nxc5 41. Rb8 Nd7 42. Rxb5+ Ne5+ 43. Ke2 h5 44. c4 Ke4 45. c5 f3+ 46. Kf1
e2+ 0-1

[Event "Xtracon Grand Master 2015"]
[Site "Koge"]
[Date "2015.10.14"]
[Round "3"]
[White "Nielsen, Bjorn"]
[Black "Rasmussen, Henning"]
[Result "0-1"]
[WhiteElo "1358"]
[BlackElo "1800"]
[PlyCount "150"]
[EventDate "2015.??.??"]

1. e4 e6 2. e5 d5 3. d4 c5 4. Be3 cxd4 5. Bb5+ Bd7 6. Bxd7+ Qxd7 7. Bxd4 Nc6 8.
c3 Nxd4 9. cxd4 Bb4+ 10. Nc3 Rc8 11. Nge2 Ne7 12. O-O Bxc3 13. bxc3 Nc6 14. Qa4
b6 15. Rfc1 Nxe5 16. Qxd7+ Nxd7 17. Rc2 Nb8 18. g3 Nc6 19. Nf4 Nxd4 20. Rcc1
Nf5 21. Ne2 O-O 22. f4 Rc7 23. a4 Rfc8 24. Ra3 Nd6 25. Raa1 Nc4 26. Nd4 Na5 27.
Ra3 Nc4 28. Rb3 Nd6 29. Ne2 Kf8 30. Kf1 Ke7 31. Ke1 Nc4 32. Nd4 a6 33. Ke2 g6
34. Kd3 h5 35. h4 Kd6 36. Rcb1 Kd7 37. Ne2 Kd6 38. Nd4 Rd8 39. Nf3 f6 40. Rb4
Re7 41. R1b3 Rc7 42. Nd2 Rdc8 43. Ke2 Nxd2 44. Kxd2 e5 45. fxe5+ Kxe5 46. Rxb6
Rc6 47. R6b4 Rc4 48. a5 R8c5 49. Rxc4 dxc4 50. Ra3 g5 51. hxg5 fxg5 52. Ke3 Rd5
53. Kf3 Rd3+ 54. Kf2 Kf5 55. Kg2 Kg4 56. Ra2 Rxg3+ 57. Kh2 Rxc3 58. Rg2+ Kf4
59. Rd2 Rd3 60. Rf2+ Rf3 61. Rc2 c3 62. Ra2 Rd3 63. Ra4+ Kf5 64. Rc4 Rd2+ 65.
Kg3 c2 66. Rc5+ Ke4 67. Rc4+ Kd3 68. Rc6 Rd1 69. Rd6+ Kc3 70. Rc6+ Kb2 71. Rb6+
Ka2 72. Rxa6 c1=Q 73. Ra8 Rd3+ 74. Kf2 Qc2+ 75. Ke1 Rd1# 0-1

[Event "Xtracon Grand Master 2015"]
[Site "Koge"]
[Date "2015.10.14"]
[Round "3"]
[White "Rendlev, Niels Moller"]
[Black "Schjolin, John"]
[Result "1-0"]
[WhiteElo "1777"]
[BlackElo "1285"]
[PlyCount "51"]
[EventDate "2015.??.??"]

1. e4 c5 2. d4 e6 3. Nf3 Nc6 4. c3 f6 5. d5 exd5 6. exd5 Ne5 7. Nxe5 fxe5 8.
Qh5+ g6 9. Qxe5+ Qe7 10. Bf4 d6 11. Qxe7+ Bxe7 12. Na3 Nf6 13. Bb5+ Bd7 14.
O-O-O O-O-O 15. Rhe1 Rhe8 16. Bxd7+ Kxd7 17. Nb5 Bf8 18. c4 Rxe1 19. Rxe1 Ne8
20. Bg5 Ra8 21. Nc3 Nc7 22. Ne4 Re8 23. Nf6+ Kc8 24. Nxe8 Kd7 25. Nxc7 Kxc7 26.
Re8 1-0

[Event "Xtracon Grand Master 2015"]
[Site "Koge"]
[Date "2015.10.14"]
[Round "3"]
[White "Stage Steffensen, Theo"]
[Black "Kirkebaekke, Mark"]
[Result "0-1"]
[WhiteElo "1033"]
[BlackElo "1759"]
[PlyCount "38"]
[EventDate "2015.??.??"]

1. e4 c5 2. f4 e5 3. f5 Qh4+ 4. g3 Qxe4+ 5. Be2 Qxh1 6. Kf2 Qxh2+ 7. Kf3 b6 8.
Nc3 Bb7+ 9. Ne4 Qh1+ 10. Kf2 Qxe4 11. Nf3 c4 12. Kg2 Bc5 13. d3 Qxf5 14. dxc4
e4 15. Nh2 Qf2+ 16. Kh3 h5 17. Bd2 e3 18. Bf3 exd2 19. Bxb7 h4 0-1

[Event "Xtracon Grand Master 2015"]
[Site "Koge"]
[Date "2015.10.16"]
[Round "5"]
[White "Maiorov, Nikita"]
[Black "Miezis, Normunds"]
[Result "1/2-1/2"]
[WhiteElo "2538"]
[BlackElo "2494"]
[PlyCount "115"]
[EventDate "2015.??.??"]

1. d4 e6 2. c4 Bb4+ 3. Bd2 Bxd2+ 4. Qxd2 d5 5. e3 Nf6 6. Nc3 O-O 7. cxd5 exd5
8. Bd3 Re8 9. Nge2 c6 10. O-O Nbd7 11. f3 c5 12. Rfe1 a6 13. dxc5 Nxc5 14. Bc2
b5 15. Nf4 Bb7 16. Rad1 Re5 17. b4 Ne6 18. Nce2 Qb6 19. Nxe6 Rxe6 20. Nf4 Re7
21. Qd4 Qd6 22. Bb3 Rae8 23. Rc1 h6 24. Rc3 Re5 25. Rec1 g5 26. Ne2 Qe6 27. Ng3
h5 28. e4 h4 29. Nf5 Nh5 30. g3 hxg3 31. hxg3 Qf6 32. Qf2 dxe4 33. fxe4 Bxe4
34. Nd6 Qxf2+ 35. Kxf2 R8e7 36. Rc5 Bg6 37. Rxe5 Rxe5 38. Rc5 Nf6 39. Rc8+ Kg7
40. Rc7 Ne4+ 41. Nxe4 Rxe4 42. a3 Bh5 43. Rc3 Re2+ 44. Kf1 Rd2 45. Ke1 Rd6 46.
Kf2 Kf6 47. Ke3 Bg4 48. Rc5 Bf5 49. Bd5 Rd7 50. Ke2 Re7+ 51. Kf3 Re5 52. Bb7
Rxc5 53. bxc5 a5 54. c6 b4 55. axb4 axb4 56. g4 b3 57. gxf5 b2 58. c7 1/2-1/2

[Event "Xtracon Grand Master 2015"]
[Site "Koge"]
[Date "2015.10.16"]
[Round "5"]
[White "Danielsen, Henrik"]
[Black "Okhotnik, Vladimir"]
[Result "1/2-1/2"]
[WhiteElo "2509"]
[BlackElo "2448"]
[PlyCount "97"]
[EventDate "2015.??.??"]

1. g3 Nf6 2. Bg2 d5 3. Nf3 c6 4. O-O Bf5 5. d3 e6 6. b3 Be7 7. Bb2 O-O 8. Nbd2
Nbd7 9. c4 a5 10. a3 Qb6 11. Qc2 h6 12. cxd5 cxd5 13. Rac1 Bh7 14. Qc7 Bd6 15.
Qxb6 Nxb6 16. Nd4 Rac8 17. Nb5 Bb8 18. f4 Rxc1 19. Rxc1 Rc8 20. Nf3 Rxc1+ 21.
Bxc1 Nc8 22. Bd2 Na7 23. Nfd4 Nxb5 24. Nxb5 b6 25. Bc3 Nd7 26. b4 axb4 27. axb4
g5 28. Bd2 gxf4 29. gxf4 f5 30. e3 Bg6 31. Bf3 Be8 32. Nd4 Nf8 33. Kf2 Bd6 34.
Bc3 Kf7 35. b5 Kg6 36. Nc6 Nd7 37. Ke2 Bc5 38. h3 Bd6 39. Bd4 Bc5 40. Bh8 Kh7
41. Bb2 Kg6 42. Kf2 Bd6 43. Bd4 Bc5 44. Bh8 Kh7 45. Be5 Nxe5 46. fxe5 Kg8 47.
d4 Ba3 48. Nd8 Bf7 49. Nxf7 1/2-1/2

[Event "Xtracon Grand Master 2015"]
[Site "Koge"]
[Date "2015.10.16"]
[Round "5"]
[White "Fier, Alexandr"]
[Black "Rozentalis, Eduardas"]
[Result "1/2-1/2"]
[WhiteElo "2624"]
[BlackElo "2541"]
[PlyCount "100"]
[EventDate "2015.??.??"]

1. e4 e6 2. d4 d5 3. Nc3 dxe4 4. Nxe4 Bd7 5. Nf3 Bc6 6. Bd3 Nd7 7. c3 Be7 8.
Qe2 Ngf6 9. Nxf6+ Bxf6 10. Bf4 O-O 11. O-O-O Bxf3 12. Qxf3 Bg5 13. h4 Bxf4+ 14.
Qxf4 Nf6 15. Kb1 Qd6 16. Qe3 Rfe8 17. Bc2 e5 18. dxe5 Qxe5 19. Qxe5 Rxe5 20.
Rhe1 Rxe1 21. Rxe1 Kf8 22. Kc1 Re8 23. Rxe8+ Nxe8 24. Kd2 Nd6 25. Bd3 h6 26.
Ke3 c5 27. Kf4 f6 28. Kg4 g5 29. f4 gxh4 30. Kxh4 b6 31. Kg4 Kf7 32. Bc2 Kf8
33. Bb3 Kg7 34. Bd5 Kf8 35. Kf3 Ke7 36. Ke3 Kd7 37. Kd3 Kc7 38. Be6 Kc6 39. Bg4
Kc7 40. Bf3 Kd7 41. b4 Ke6 42. Bg4+ Kd5 43. Bd7 a5 44. bxa5 bxa5 45. g4 c4+ 46.
Ke3 Kc5 47. Ba4 Kd5 48. Bc2 Nb5 49. Kd2 Nd6 50. Ke3 Nb5 1/2-1/2

[Event "Xtracon Grand Master 2015"]
[Site "Koge"]
[Date "2015.10.16"]
[Round "5"]
[White "Chatalbashev, Boris"]
[Black "Pedersen, Hans Dahl"]
[Result "1-0"]
[WhiteElo "2550"]
[BlackElo "2187"]
[PlyCount "61"]
[EventDate "2015.??.??"]

1. c4 c5 2. Nf3 Nc6 3. d4 cxd4 4. Nxd4 g6 5. e4 Bg7 6. Be3 Nf6 7. Nc3 d6 8. Be2
O-O 9. O-O Bd7 10. Nc2 Qc8 11. f3 b6 12. Rc1 Re8 13. Qd2 Ne5 14. b3 Qb7 15. h3
Bc6 16. Nd4 Rad8 17. Bg5 Ned7 18. Nd5 e6 19. Nb4 Nb8 20. Rfd1 Rd7 21. Qe3 h5
22. Nb5 a5 23. Nxc6 Qxc6 24. Nxd6 Ng4 25. hxg4 Rxd6 26. gxh5 gxh5 27. e5 Rxd1+
28. Rxd1 Bf8 29. Kf1 Bc5 30. Qf4 Nd7 31. Bf6 1-0

[Event "Xtracon Grand Master 2015"]
[Site "Koge"]
[Date "2015.10.16"]
[Round "5"]
[White "Andersen, Rune"]
[Black "Bekker Jensen, Simon"]
[Result "0-1"]
[WhiteElo "2103"]
[BlackElo "2438"]
[PlyCount "76"]
[EventDate "2015.??.??"]

1. d4 Nf6 2. Nf3 g6 3. Bg5 Bg7 4. Nbd2 O-O 5. e3 d6 6. c3 Nbd7 7. Qc2 Qe8 8.
Bd3 e5 9. O-O-O a6 10. h3 b6 11. Kb1 Bb7 12. e4 Qe7 13. Rhe1 Rfe8 14. g4 b5 15.
Nb3 Rac8 16. Qd2 c5 17. dxc5 dxc5 18. Bc2 Nf8 19. Bxf6 Qxf6 20. Qe3 Qb6 21. Re2
Qc7 22. Red2 c4 23. Nc1 Red8 24. Ne2 Ne6 25. g5 Bf8 26. Rxd8 Rxd8 27. Rxd8 Qxd8
28. Nxe5 Bc5 29. Qf3 Nxg5 30. Qf4 Qe7 31. Ng4 Nxe4 32. Nd4 Bd6 33. Qh6 b4 34.
f3 Ng5 35. Qh4 h5 36. Nh6+ Kf8 37. Nhf5 gxf5 38. Nxf5 Nxf3 0-1

[Event "Xtracon Grand Master 2015"]
[Site "Koge"]
[Date "2015.10.16"]
[Round "5"]
[White "Antonsen, Mikkel"]
[Black "Kristiansen, Jens"]
[Result "1-0"]
[WhiteElo "2459"]
[BlackElo "2431"]
[PlyCount "95"]
[EventDate "2015.??.??"]

1. d4 g6 2. e4 Bg7 3. Nf3 d6 4. c3 Nf6 5. Bd3 O-O 6. O-O Nc6 7. Na3 e5 8. Nc2
d5 9. exd5 Nxd5 10. Bg5 Qd6 11. dxe5 Nxe5 12. Be4 Nf6 13. Qxd6 cxd6 14. Bxf6
Bxf6 15. Ne3 Nxf3+ 16. Bxf3 Be6 17. Rfd1 Be5 18. Bd5 Rfe8 19. Bxe6 Rxe6 20. g3
Rc8 21. a4 h5 22. Rd3 Rc6 23. Nd5 Rc4 24. Kf1 Kg7 25. b3 Rc6 26. Rad1 a6 27. c4
Kf8 28. R1d2 Rc5 29. Kg2 Rc6 30. h4 Re8 31. Nb4 Rb6 32. Nd5 Rc6 33. Re2 Rcc8
34. Nb6 Rcd8 35. c5 d5 36. Rxd5 Rxd5 37. Nxd5 Bd4 38. Rc2 Re5 39. Nb6 Ke8 40.
b4 Rf5 41. Nc4 Rd5 42. Nd6+ Kd7 43. Nxb7 Kc7 44. Na5 Bf6 45. b5 axb5 46. axb5
Be7 47. b6+ Kc8 48. b7+ 1-0

[Event "Xtracon Grand Master 2015"]
[Site "Koge"]
[Date "2015.10.16"]
[Round "5"]
[White "Ahlander, Bjorn"]
[Black "Percivaldi, Martin"]
[Result "1/2-1/2"]
[WhiteElo "2378"]
[BlackElo "2246"]
[PlyCount "47"]
[EventDate "2015.??.??"]

1. d4 d5 2. c4 c6 3. Nf3 Nf6 4. e3 g6 5. Nc3 Bg7 6. Be2 O-O 7. O-O Be6 8. cxd5
cxd5 9. Qb3 Qb6 10. Qxb6 axb6 11. Bd2 Nc6 12. Rfc1 Rfc8 13. Be1 Bg4 14. Nb5 Bf8
15. h3 Bxf3 16. Bxf3 e6 17. a3 Na5 18. Bxa5 bxa5 19. Nc7 Rab8 20. Rc2 Ne8 21.
Rac1 Nxc7 22. Rxc7 Rd8 23. Be2 Bd6 24. R7c2 1/2-1/2

[Event "Xtracon Grand Master 2015"]
[Site "Koge"]
[Date "2015.10.16"]
[Round "5"]
[White "Korneev, Oleg"]
[Black "Hoi, Carsten"]
[Result "1-0"]
[WhiteElo "2594"]
[BlackElo "2377"]
[PlyCount "90"]
[EventDate "2015.??.??"]

1. e4 Nc6 2. d4 e5 3. dxe5 Nxe5 4. Nf3 Nxf3+ 5. Qxf3 Qf6 6. Qg3 Qg6 7. Nc3 Bb4
8. Bd2 Qxg3 9. hxg3 Nf6 10. e5 Ng4 11. Nd5 Bxd2+ 12. Kxd2 Kd8 13. Re1 Nxf2 14.
Rh4 h5 15. Rf4 Ng4 16. Rxf7 c6 17. Nf4 g5 18. Ng6 Re8 19. Bd3 a5 20. a4 b5 21.
axb5 cxb5 22. Rh7 Ra6 23. Rxh5 Rg8 24. Rxg5 Nf2 25. Bf5 d5 26. Bxc8 Raxg6 27.
Rxg6 Rxg6 28. Bb7 Ne4+ 29. Kc1 Nxg3 30. Bxd5 b4 31. b3 Rg5 32. Bf3 Ke7 33. e6
Rc5 34. Bg4 a4 35. bxa4 b3 36. Bd1 Nf5 37. Kb2 bxc2 38. Bxc2 Nd4 39. Bd1 Nc6
40. Bb3 Rg5 41. Re2 Rg4 42. Rd2 Na5 43. Rd7+ Ke8 44. Bd5 Rxa4 45. Kc3 Ra1 1-0

[Event "Xtracon Grand Master 2015"]
[Site "Koge"]
[Date "2015.10.16"]
[Round "5"]
[White "Pedersen, Jan Nordenbaek"]
[Black "Blomqvist, Erik"]
[Result "0-1"]
[WhiteElo "2196"]
[BlackElo "2530"]
[PlyCount "38"]
[EventDate "2015.??.??"]

1. e4 c5 2. Nf3 e6 3. Nc3 Nc6 4. d4 cxd4 5. Nxd4 Qc7 6. Be3 a6 7. Bd3 Nf6 8.
O-O b5 9. Nxc6 Qxc6 10. f3 Bc5 11. Qe1 d6 12. Kh1 Bxe3 13. Qxe3 e5 14. a4 b4
15. Na2 Rb8 16. b3 O-O 17. Rac1 Be6 18. Qa7 Ra8 19. Nxb4 Qc3 0-1

[Event "Xtracon Grand Master 2015"]
[Site "Koge"]
[Date "2015.10.16"]
[Round "5"]
[White "Hagen, Andreas Skytte"]
[Black "Hartung Nielsen, Jens"]
[Result "1-0"]
[WhiteElo "2396"]
[BlackElo "2183"]
[PlyCount "97"]
[EventDate "2015.??.??"]

1. d4 d5 2. c4 e6 3. Nf3 c5 4. cxd5 exd5 5. Nc3 Nc6 6. g3 Nf6 7. Bg2 Be7 8. O-O
O-O 9. Bg5 c4 10. Ne5 Be6 11. b3 h6 12. Bxf6 Bxf6 13. Nxc6 bxc6 14. bxc4 dxc4
15. e3 Qa5 16. Qe1 Qa6 17. Qe2 Rac8 18. Rac1 Rfe8 19. Rfd1 Rcd8 20. Qf3 Rc8 21.
Bf1 Red8 22. Rc2 Rb8 23. Rdc1 Rb4 24. Ne4 Be7 25. Nd2 Bd5 26. Qe2 Rdb8 27. Nxc4
Be4 28. Ne5 Qxe2 29. Rxe2 Rb1 30. Ree1 Rxc1 31. Rxc1 Ba3 32. Rc3 Bb2 33. Rb3
Rxb3 34. axb3 c5 35. Nc4 Bc3 36. dxc5 Bb4 37. Bg2 Bxg2 38. Kxg2 Bxc5 39. Kf3
Kf8 40. Ke4 Ke7 41. Kd5 Bb4 42. f3 f6 43. Kc6 Ke6 44. Kb5 Be7 45. Na5 Bd8 46.
b4 Kd7 47. Ka6 Be7 48. b5 Bc5 49. e4 1-0

[Event "Xtracon Grand Master 2015"]
[Site "Koge"]
[Date "2015.10.16"]
[Round "5"]
[White "Nielsen, Hogni Egilstoft"]
[Black "Bruun, Henrik Emil"]
[Result "1-0"]
[WhiteElo "2314"]
[BlackElo "2115"]
[PlyCount "87"]
[EventDate "2015.??.??"]

1. e4 d6 2. d4 Nf6 3. Nc3 g6 4. f3 c6 5. Be3 b5 6. Qd2 Nbd7 7. Nge2 Nb6 8. b3
Qc7 9. a4 b4 10. Nd1 a5 11. Nb2 Ba6 12. Rc1 Bg7 13. Bh6 O-O 14. Bxg7 Kxg7 15.
c3 bxc3 16. Rxc3 e5 17. dxe5 dxe5 18. Ng3 Bc8 19. Be2 Be6 20. O-O Rfd8 21. Qc2
Qa7 22. Kh1 Rac8 23. Rc1 h5 24. Nf1 h4 25. Ne3 Nh5 26. Bf1 Rd6 27. Qf2 Qe7 28.
Nc2 c5 29. Ne3 Rd4 30. Nd3 Nd7 31. Nc2 Rxd3 32. Bxd3 Qg5 33. Ne3 c4 34. Bxc4
Nc5 35. Bb5 Ng3+ 36. hxg3 hxg3 37. Qc2 Rh8+ 38. Kg1 Rh2 39. Kf1 Qh5 40. Rxc5
Bh3 41. Ke1 Bxg2 42. Nxg2 Qxf3 43. Bf1 Rh1 44. Qe2 1-0

[Event "Xtracon Grand Master 2015"]
[Site "Koge"]
[Date "2015.10.16"]
[Round "5"]
[White "Chittka, Julius"]
[Black "Nielsen, Rogvi Egilstoft"]
[Result "0-1"]
[WhiteElo "2053"]
[BlackElo "2301"]
[PlyCount "76"]
[EventDate "2015.??.??"]

1. d4 Nf6 2. c4 c5 3. d5 b5 4. cxb5 a6 5. bxa6 g6 6. Nc3 Bxa6 7. e4 Bxf1 8.
Kxf1 d6 9. g3 Bg7 10. Kg2 Nbd7 11. Nf3 O-O 12. a4 Ra6 13. Re1 Qa8 14. Bf4 Nb6
15. Qc2 Nfd7 16. Bg5 Re8 17. Ra3 Ne5 18. Nxe5 Bxe5 19. Nb5 Qb7 20. b3 c4 21.
bxc4 Rc8 22. Rc1 Rxc4 23. Qxc4 Nxc4 24. Rxc4 e6 25. dxe6 fxe6 26. f4 Bg7 27.
Rb3 h6 28. Bh4 Rc6 29. Rcb4 Rc2+ 30. Kh3 Qd7 31. Rd3 e5+ 32. f5 Bf8 33. g4 Qc6
34. Rd5 Re2 35. Bg3 Qc1 36. Nxd6 Qf1+ 37. Kh4 Be7+ 38. g5 Qf3 0-1

[Event "Xtracon Grand Master 2015"]
[Site "Koge"]
[Date "2015.10.16"]
[Round "5"]
[White "Eriksson, Christian Altenburg"]
[Black "Larsen, Preben R"]
[Result "1/2-1/2"]
[WhiteElo "2215"]
[BlackElo "1844"]
[PlyCount "113"]
[EventDate "2015.??.??"]

1. e4 e5 2. Nf3 d6 3. d4 Nf6 4. Nc3 exd4 5. Nxd4 Nc6 6. Bf4 Nxd4 7. Qxd4 Be6 8.
Be2 Be7 9. O-O O-O 10. Rad1 Nd7 11. Bg3 Bf6 12. Qe3 Be7 13. Kh1 f6 14. f4 Bf7
15. e5 dxe5 16. fxe5 Bc5 17. Qe4 Qe8 18. Bd3 Bg6 19. Qd5+ Bf7 20. Qxb7 Nxe5 21.
Rde1 Bd6 22. Qe4 Nxd3 23. Qxd3 Qc6 24. Bxd6 cxd6 25. Qd4 Qc5 26. Qxc5 dxc5 27.
b3 Rfe8 28. Kg1 Kf8 29. Kf2 Rad8 30. Rxe8+ Bxe8 31. Rd1 Rxd1 32. Nxd1 Ke7 33.
Ne3 Bg6 34. Ke2 Ke6 35. Kd2 Be4 36. g3 h5 37. Kc3 g5 38. Kc4 f5 39. Kxc5 f4 40.
gxf4 gxf4 41. Nd1 Bxc2 42. Nf2 Ke5 43. b4 Be4 44. a4 f3 45. b5 Bb7 46. a5 Ba8
47. Kc4 Bd5+ 48. Kd3 Ba8 49. Kc4 Bd5+ 50. Kc5 Be4 51. b6 axb6+ 52. axb6 Bb7 53.
Kc4 Ba6+ 54. Kc5 Bb7 55. Kc4 Ba6+ 56. Kc5 Bb7 57. Kc4 1/2-1/2

[Event "Xtracon Grand Master 2015"]
[Site "Koge"]
[Date "2015.10.16"]
[Round "5"]
[White "Molvig, Henrik"]
[Black "Jacobsen, Mikkel Manosri"]
[Result "1/2-1/2"]
[WhiteElo "2125"]
[BlackElo "2331"]
[PlyCount "68"]
[EventDate "2015.??.??"]

1. d4 d5 2. c4 c6 3. Nf3 Nf6 4. Nc3 e6 5. Bg5 h6 6. Bxf6 Qxf6 7. e3 Nd7 8. Bd3
dxc4 9. Bxc4 g6 10. O-O Bg7 11. Qe2 O-O 12. e4 e5 13. d5 Nb6 14. Nd2 Nxc4 15.
Nxc4 h5 16. Rac1 Bh6 17. Ne3 Qg5 18. dxc6 f5 19. Qc4+ Rf7 20. Rfd1 f4 21. cxb7
Bxb7 22. Rd7 Raf8 23. Rxb7 fxe3 24. f3 e2 25. Nxe2 Qe3+ 26. Kh1 Qf2 27. Rd1 Kg7
28. Rxf7+ Rxf7 29. Qd3 h4 30. h3 Be3 31. Ng1 Bf4 32. Ne2 Be3 33. Ng1 Bf4 34.
Ne2 Be3 1/2-1/2

[Event "Xtracon Grand Master 2015"]
[Site "Koge"]
[Date "2015.10.16"]
[Round "5"]
[White "Bekker Jensen, David"]
[Black "Lauritsen, Niels"]
[Result "1-0"]
[WhiteElo "2287"]
[BlackElo "2109"]
[PlyCount "43"]
[EventDate "2015.??.??"]

1. d4 Nc6 2. c4 e5 3. d5 Nce7 4. Nf3 Ng6 5. Nc3 Bb4 6. Qb3 Qe7 7. h4 h6 8. h5
Nf8 9. Nxe5 Nf6 10. Nd3 Bxc3+ 11. Qxc3 d6 12. f3 Bf5 13. Bd2 N8d7 14. O-O-O b5
15. e4 Bh7 16. cxb5 a6 17. bxa6 O-O 18. Nb4 Nc5 19. Bc4 Nfxe4 20. Rde1 Qd7 21.
fxe4 Nxe4 22. Qd4 1-0

[Event "Xtracon Grand Master 2015"]
[Site "Koge"]
[Date "2015.10.16"]
[Round "5"]
[White "Andreasen, Henrik"]
[Black "Moe, Mogens"]
[Result "1-0"]
[WhiteElo "2219"]
[BlackElo "2082"]
[PlyCount "67"]
[EventDate "2015.??.??"]

1. d4 Nf6 2. c4 g6 3. Nc3 d5 4. Nf3 Bg7 5. Qb3 dxc4 6. Qxc4 O-O 7. e4 Nc6 8.
Be2 Bg4 9. Be3 Bxf3 10. Bxf3 e5 11. d5 Ne7 12. O-O-O Qd7 13. h4 Rfb8 14. Kb1 b5
15. Qb3 h6 16. Bc5 Nc8 17. Rc1 Bf8 18. Bxf8 Kxf8 19. Ne2 Nd6 20. Ng3 b4 21. Rc6
Kg7 22. Rhc1 Nb5 23. Qe3 Ne8 24. Nf5+ gxf5 25. Qxh6+ Kg8 26. Qg5+ Ng7 27. h5
Qd8 28. Qg3 f4 29. Qg4 Kh7 30. h6 Ne8 31. Qf5+ Kh8 32. Qxf7 Nbd6 33. Qf8+ Kh7
34. Rxc7+ 1-0